Utah Jazz Top 10 Leaders - Statistics

General Stats
  • This quiz has been taken 1,017 times
    726 since last reset
  • The average score is 10 of 21
Answer Stats
Player % Correct
John Stockton
99%
Karl Malone
99%
Rudy Gobert
90%
Donovan Mitchell
89%
Mark Eaton
71%
Deron Williams
61%
Pete Maravich
60%
Adrian Dantley
56%
Andrei Kirilenko
53%
Jeff Hornacek
50%
Gordon Hayward
49%
Joe Ingles
38%
Bryon Russell
31%
Derrick Favors
31%
Greg Ostertag
30%
Paul Millsap
25%
Rickey Green
22%
Darrell Griffith
21%
Thurl Bailey
18%
Rich Kelley
3%
Ben Poquete
1%
No matching quizzes found
Score Distribution
Percent of People with Each Score
Percentile by Number Answered
Your Score History
You have not taken this quiz since the last reset